| 000 | 00735cam a22002413a 4500 | ||
|---|---|---|---|
| 001 | 29603 | ||
| 003 | PGUSA | ||
| 005 | 20140828083635.0 | ||
| 008 | 090803s2009||||xxu|||||s|||||000 | eng d | ||
| 040 |
_aPGUSA _beng |
||
| 042 | _adc | ||
| 050 | 4 | _aDC | |
| 100 | 1 |
_aAbbott, John S. C. _q(John Stevens Cabot), _d1805-1877 |
|
| 245 | 1 | 0 |
_aHenry IV, Makers of History _h[electronic resource] / _cJohn S. C. Abbott |
| 260 |
_bProject Gutenberg, _c2009 |
||
| 506 | _aPublic domain in the USA. | ||
| 516 | _aElectronic text | ||
| 653 | _aHenry IV, King of France, 1553-1610 | ||
| 653 | _aFrance -- History -- Henry IV, 1589-1610 | ||
| 830 | 0 |
_aProject Gutenberg _v29603 |
|
| 856 | 4 | 0 | _uhttp://www.gutenberg.org/ebooks/29603 |
| 942 | _cEB | ||
| 999 |
_c258858 _d258858 |
||